The Cambridge history of India / (Record no. 9796)
[ view plain ]
| 000 -LEADER | |
|---|---|
| fixed length control field | 02089cam a22004211 4500 |
| 001 - CONTROL NUMBER | |
| JCCL Control Number | 9796 |
| 003 - CONTROL NUMBER IDENTIFIER | |
| JCCL marc code | BD-JhCC |
| 005 - DATE AND TIME OF LATEST TRANSACTION | |
| control field | 20180401103754.0 |
| 008 - FIXED-LENGTH DATA ELEMENTS--GENERAL INFORMATION | |
| fixed length control field | 180401m19229999enkab b 000 0 engd |
| 035 ## - SYSTEM CONTROL NUMBER | |
| system control number | (BD-JhCC)9796 |
| 035 ## - SYSTEM CONTROL NUMBER | |
| system control number | (OCoLC)875984 |
| 040 ## - CATALOGING SOURCE | |
| Original cataloging agency | DLC |
| Transcribing agency | RBrRW |
| Modifying agency | OCoLC |
| -- | DLC |
| -- | BD-JhCC |
| 041 ## - LANGUAGE CODE | |
| Language code of Book | eng |
| 050 00 - LIBRARY OF CONGRESS CALL NUMBER | |
| Classification number | DS436 |
| Item number | .C22 |
| 051 ## - LIBRARY OF CONGRESS COPY, ISSUE, OFFPRINT STATEMENT | |
| Classification number | DS436 |
| Item number | .C22 Suppl. 1953 |
| 051 ## - LIBRARY OF CONGRESS COPY, ISSUE, OFFPRINT STATEMENT | |
| Classification number | DS436 |
| Item number | .C22 Suppl. 1968 |
| 082 ## - DEWEY DECIMAL CLASSIFICATION NUMBER | |
| Classification number | 954 |
| 245 04 - TITLE STATEMENT | |
| Title | The Cambridge history of India / |
| 260 ## - PUBLICATION, DISTRIBUTION, ETC. (IMPRINT) | |
| Place of publication, distribution, etc | Cambridge [Eng.] |
| Name of publisher, distributor, etc | University Press, |
| Date of publication, distribution, etc | 1922. |
| 300 ## - PHYSICAL DESCRIPTION | |
| Pagination | v. |
| Other physical details | illus., fold. maps. |
| Dimensions | 25 cm. |
| 500 ## - GENERAL NOTE | |
| General note | Supplemented by: The Indus civilization / by Sir Mortimer Wheeler (xi, 98 p. : illus., maps ; 24 cm.) published: Cambridge [Eng.] : University Press, 1953. Call number: DS436.C22 Suppl. 1953. |
| 500 ## - GENERAL NOTE | |
| General note | Supplemented by: The Indus civilization / by Sir Mortimer Wheeler. 2d ed. (xi, 106 p. : illus., maps ; 24 cm.) published: Cambridge [Eng.] : University Press, 1953. Call number: DS436.C22 Suppl. 1960. |
| 500 ## - GENERAL NOTE | |
| General note | Supplemented by: The Indus civilization / by Sir Mortimer Wheeler. 3rd ed. (xi, 143 p. : illus., maps, plans ; 24 cm.) published: Cambridge [Eng.] : University Press, 1968. Call number: DS436.C22 Suppl. 1968. |
| 504 ## - BIBLIOGRAPHY, ETC. NOTE | |
| Bibliography, etc | Includes bibliographies. |
| 505 1# - FORMATTED CONTENTS NOTE | |
| Formatted contents note | v. 1. Ancient India, edited by E.J. Rapson.--v. 3. Turks and Afghans, edited by W. Haig.--v. 4. The Mughul period, planned by W. Haig, edited by R. Burn.--v. 5. British India, 1497-1858, edited by H.H. Dodwell.--v. 6. The Indian Empire, 1858-1918, with chapters on the development of administration, 1818-1858, edited by H.H. Dodwell. |
| 650 ## - SUBJECT ADDED ENTRY--TOPICAL TERM | |
| Topical term or geographic name as entry element | Civilization |
| 651 #0 - SUBJECT ADDED ENTRY--GEOGRAPHIC NAME | |
| Geographic name | India |
| General subdivision | History. |
| 651 #0 - SUBJECT ADDED ENTRY--GEOGRAPHIC NAME | |
| Geographic name | Turks |
| 651 #0 - SUBJECT ADDED ENTRY--GEOGRAPHIC NAME | |
| Geographic name | Afghans |
| 700 1# - ADDED ENTRY--PERSONAL NAME | |
| Personal name | Rapson, E. J. |
| Fuller form of name | (Edward James), |
| Dates associated with a name | 1861-1937, |
| 700 1# - ADDED ENTRY--PERSONAL NAME | |
| Personal name | Haig, Wolseley, |
| Titles and other words associated with a name | Sir, |
| Dates associated with a name | 1865-1938, |
| 700 1# - ADDED ENTRY--PERSONAL NAME | |
| Personal name | Burn, Richard, |
| Titles and other words associated with a name | Sir, |
| Dates associated with a name | 1871-1947, |
| 700 1# - ADDED ENTRY--PERSONAL NAME | |
| Personal name | Dodwell, Henry, |
| Dates associated with a name | 1879-1946, |
| 700 1# - ADDED ENTRY--PERSONAL NAME | |
| Personal name | Wheeler, Mortimer, |
| Dates associated with a name | 1890-1976, |
| 740 0# - | |
| Uncontrolled related/analytical title | Indus civilization. |
| 942 ## - ADDED ENTRY ELEMENTS (KOHA) | |
| Source of classification or shelving scheme | Dewey Decimal Classification |
| Koha item type | Books |
| Source of classification or shelving scheme | volume number | Damaged status | Not for loan | Home library | Current library | Shelving location | Date of accession | Cost, normal purchase price | Full call number | Barcode | Date last seen | Copy number | Method of acquisition | Koha item type | Currency |
|---|---|---|---|---|---|---|---|---|---|---|---|---|---|---|---|
| Dewey Decimal Classification | V-4 | JCC Rouf Library | JCC Rouf Library | General Stacks | 04/01/2018 | 188.00 | 954 CAM 1969 | 13281 | 04/01/2018 | C-1 | Purchase | Books | BDT |